000
00276nam a22001097a 4500
082
_a
621.381535 FRO'T
100
_a
FROSTSMITH, E. H
_9
57583
245
_a
THE THEORY AND DESIGN OF MAGNETIC AMPLIFIERS
260
_a
LONDON
_b
CHAPMAN & HALL
_c
1958
300
_a
487P
942
_c
BK
999
_c
567853
_d
567853